| 000 | 00448nam a22001577a 4500 | ||
|---|---|---|---|
| 003 | OSt | ||
| 005 | 20260617094231.0 | ||
| 008 | 260617b |||||||| |||| 00| 0 eng d | ||
| 040 | _cDLC | ||
| 050 |
_a271.302 _b R839S |
||
| 082 |
_a271.302 _bR839S |
||
| 245 |
_aSt. Francis Of Assisi: _bthe best from all his work/ _cCompiled and edited by Stephen Rost |
||
| 260 |
_aNashville: _bThomas Nelson Publishers, _c1989. |
||
| 300 | _a284p. | ||
| 942 |
_2ddc _cBK |
||
| 999 |
_c11648 _d11648 |
||